[Event "Challenge"]
[Site "http://www.queenalice.com/game.php?id=592217"]
[Date "2009.5.22"]
[Round "-"]
[White "ORNELAS"]
[Black "Bigfish"]
[Result "0-1"]
[WhiteElo "1807"]
[BlackElo "2126"]

1. d4 Nf6 2. e3 g6 3. c4 Bg7 4. c5 c6 5. b4 O-O 6. Nf3 d5 7. a4 Bg4 8. h3 Bxf3
9. Qxf3 Nbd7 10. b5 e5 11. b6 exd4 12. exd4 axb6 13. cxb6 Qxb6 14. Bd2 Ne4 15.
Bd3 Nxd2 16. Nxd2 Rfe8+ 17. Kf1 Qxd4 18. Rd1 Ne5 19. Qg3 Qxd3+ 20. Qxd3 Nxd3 21.
Nf3 Rxa4 22. Kg1 Ne5 23. Nd2 Nd3 24. Nf3 Ra1 25. Rxa1 Bxa1 26. Kh2 Be5+ 27. Nxe5
Rxe5 28. f3 Re1 29. Rxe1 Nxe1 30. Kg3 Nd3 31. h4 b5 32. f4 b4 33. Kf3 b3 34. Ke3
Ne1 35. Kf2 Nxg2 36. Kxg2 b2 37. Kf3 b1=Q 38. Kg4 Kg7 39. h5 gxh5+ 40. Kxh5 Qg1
41. f5 f6 42. Kh4 Qg2 0-1

[Event "Let's Play Chess!"]
[Site "http://www.queenalice.com/game.php?id=593258"]
[Date "2009.5.24"]
[Round "-"]
[White "Bigfish"]
[Black "ulisses34"]
[Result "1-0"]
[WhiteElo "2104"]
[BlackElo "1799"]

1. c4 Nf6 2. Nc3 Nc6 3. Nf3 e5 4. g3 Bb4 5. Bg2 d6 6. O-O Be6 7. d3 Bxc3 8. bxc3
d5 9. cxd5 Nxd5 10. c4 Nb6 11. Ba3 h6 12. Nd2 Qd7 13. Ne4 Bf5 14. Nc5 Qc8 15.
Nb3 Nd7 16. e3 Nf6 17. Qd2 e4 18. Nd4 Nxd4 19. dxe4 Qd7 20. exd4 Bxe4 21. Rfe1
Qf5 22. f3 Qg5 23. Qxg5 hxg5 24. fxe4 c6 25. e5 Ng4 26. h3 Nh6 27. g4 O-O-O 28.
Rad1 Rhe8 29. d5 cxd5 30. cxd5 Rd7 31. d6 Ng8 32. Bf1 Kb8 33. Bb5 1-0

[Event "Chess for Fun!"]
[Site "http://www.queenalice.com/game.php?id=595217"]
[Date "2009.5.29"]
[Round "-"]
[White "Bigfish"]
[Black "ulisses34"]
[Result "1-0"]
[WhiteElo "2107"]
[BlackElo "1795"]

1. e4 e5 2. Nf3 Nc6 3. Bb5 a6 4. Ba4 d6 5. d4 Bd7 6. c4 exd4 7. Nxd4 Nxd4 8.
Bxd7+ Qxd7 9. Qxd4 Qc6 10. Nc3 Nf6 11. O-O Be7 12. Re1 Qb6 13. Qxb6 cxb6 14. e5
dxe5 15. Rxe5 Nd7 16. Re2 Kd8 17. Be3 Bf6 18. Nd5 b5 19. Rd1 Ne5 20. Nxf6+ 1-0

[Event "Challenge"]
[Site "http://www.queenalice.com/game.php?id=596926"]
[Date "2009.6.1"]
[Round "-"]
[White "Bigfish"]
[Black "Equiferus"]
[Result "0-1"]
[WhiteElo "2139"]
[BlackElo "2044"]

1. Nf3 Nf6 2. c4 d5 3. cxd5 Qxd5 4. g3 Nc6 5. Nc3 Qh5 6. Bg2 e5 7. d3 Bd6 8. Bd2
Bg4 9. Be3 O-O 10. O-O Bf5 11. Bg5 Nd7 12. Rc1 Nd4 13. Bd2 Nf6 14. Re1 h6 15.
Nh4 Bh7 16. e4 Qxd1 17. Rexd1 Bb4 18. Kf1 c6 19. Ne2 Nxe2 20. Kxe2 Bxd2 21. Rxd2
Nd7 22. Bh3 Rad8 23. Nf3 f5 24. Nh4 f4 25. f3 g5 26. Nf5 Rf6 27. d4 Bxf5 28.
dxe5 Bxh3 29. exf6 Be6 30. gxf4 gxf4 31. Rg1+ Kf7 32. e5 Bd5 33. Rg7+ Ke6 34.
Re7+ Kf5 35. f7 Nxe5 36. Rxb7 Bc4+ 37. Kd1 Rxd2+ 38. Kxd2 Bxf7 39. Rxa7 Nxf3+
40. Ke2 Bd5 41. a4 Nxh2 42. a5 f3+ 0-1

[Event "The Blunders Are Waiting!"]
[Site "http://www.queenalice.com/game.php?id=596933"]
[Date "2009.6.1"]
[Round "-"]
[White "Aylton"]
[Black "Bigfish"]
[Result "0-1"]
[WhiteElo "1966"]
[BlackElo "2118"]

1. d4 Nf6 2. c4 g6 3. Nc3 Bg7 4. e4 d6 5. f3 O-O 6. Bd3 c5 7. d5 e5 8. dxe6 Bxe6
9. Nge2 Nc6 10. O-O Ne5 11. f4 Nxd3 12. Qxd3 a6 13. f5 Bc8 14. h3 Qc7 15. Bf4
Rd8 16. Rad1 Bf8 17. e5 Bxf5 18. exd6 Qc6 19. Qd2 Rd7 20. g4 Be6 21. b3 Ne8 22.
Qe3 Bxd6 23. Bxd6 Rxd6 24. Rxd6 Nxd6 25. Rd1 Re8 26. Qf4 Nc8 27. Kf2 Bd7 28. Ng3
f5 29. gxf5 Bxf5 30. Nxf5 Rf8 31. Rg1 Qf6 32. Rg5 Qxc3 33. Qc7 Rxf5+ 34. Rxf5
Qc2+ 35. Kg3 Qxf5 36. Qxb7 Qe6 37. Qc7 Qd6+ 38. Qxd6 Nxd6 0-1

[Event "Next Best Move"]
[Site "http://www.queenalice.com/game.php?id=596934"]
[Date "2009.6.1"]
[Round "-"]
[White "Bigfish"]
[Black "Aylton"]
[Result "1-0"]
[WhiteElo "2110"]
[BlackElo "1966"]

1. e4 e5 2. Nf3 Nc6 3. Bb5 a6 4. Ba4 Nf6 5. O-O b5 6. Bb3 Be7 7. Re1 O-O 8. c3
d6 9. d4 exd4 10. cxd4 Bb7 11. d5 Ne5 12. Nbd2 h6 13. Nd4 c5 14. Nf5 Ng6 15. Nf1
c4 16. Bc2 Rc8 17. N1g3 Kh7 18. Nxe7 Qxe7 19. f4 Rfe8 20. Be3 Qf8 21. Bd4 Ng8
22. Qf3 f6 23. Nf5 Rcd8 24. h4 Bc8 25. Bb6 Rd7 26. h5 N6e7 27. e5 Kh8 28. Nxd6
fxe5 29. Nxe8 Qxe8 30. Rxe5 Nf6 31. Rae1 Bb7 32. Bc5 Bxd5 33. Qe3 Qa8 34. Rxe7
Rxe7 35. Qxe7 Bxg2 36. Qf8+ Qxf8 37. Bxf8 Bh3 38. Bg6 Kg8 39. Bb4 1-0

[Event "Challenge #1"]
[Site "http://www.queenalice.com/game.php?id=598150"]
[Date "2009.6.4"]
[Round "-"]
[White "Aylton"]
[Black "Bigfish"]
[Result "0-1"]
[WhiteElo "1949"]
[BlackElo "2132"]

1. d4 Nf6 2. Nf3 g6 3. c4 Bg7 4. Nc3 O-O 5. e3 d6 6. Be2 c5 7. O-O b6 8. h3 Bb7
9. b3 cxd4 10. exd4 Nbd7 11. Bb2 Rc8 12. Qd2 e5 13. d5 a6 14. Rac1 Nc5 15. b4
Nce4 16. Nxe4 Nxe4 17. Qe3 f5 18. a3 h6 19. Nd2 Nf6 20. f3 Nh5 21. g4 Nf4 22.
Rfd1 Qh4 23. Nf1 Nxh3+ 24. Kg2 fxg4 25. Bc3 Nf4+ 26. Kg1 Nxe2+ 27. Qxe2 gxf3 28.
Qf2 Qxf2+ 29. Kxf2 Rxc4 0-1

[Event "Challenge #2"]
[Site "http://www.queenalice.com/game.php?id=598151"]
[Date "2009.6.4"]
[Round "-"]
[White "Bigfish"]
[Black "Aylton"]
[Result "1-0"]
[WhiteElo "2125"]
[BlackElo "1952"]

1. Nf3 d5 2. c4 e6 3. g3 Nf6 4. cxd5 exd5 5. Bg2 c5 6. O-O Nc6 7. d3 Be7 8. b3
O-O 9. Bb2 a6 10. Nbd2 b6 11. Rc1 Bb7 12. Re1 h6 13. Nh4 g6 14. a3 Qd7 15. e3 g5
16. Nhf3 Nh7 17. e4 d4 18. Nc4 f6 19. Nxb6 Qe6 20. Nxa8 Rxa8 21. Nd2 Bd6 22. Nc4
Rf8 23. Qh5 Kg7 24. Bh3 Qe7 25. Bf5 Ne5 26. Nxe5 fxe5 27. Qg6+ Kh8 28. Qxh6 1-0

[Event "Challenge"]
[Site "http://www.queenalice.com/game.php?id=601441"]
[Date "2009.6.10"]
[Round "-"]
[White "Chess_Divine"]
[Black "Bigfish"]
[Result "0-1"]
[WhiteElo "1792"]
[BlackElo "2124"]

1. d4 Nf6 2. c4 g6 3. Nc3 Bg7 4. e4 d6 5. Nf3 O-O 6. Be2 c5 7. Be3 cxd4 8. Nxd4
a6 9. O-O Nc6 10. a3 Bd7 11. b4 Rc8 12. f4 e5 13. fxe5 Nxe5 14. Nd5 Nxe4 15. Bf3
Nxc4 16. Bxe4 Nxe3 17. Nxe3 Qb6 18. Nec2 Rxc2 19. Bxc2 Bxd4+ 20. Kh1 Bxa1 21.
Qxa1 Bc6 22. Rf6 Bd5 23. Qe1 Qc6 24. Rf2 Re8 25. Qd2 Re5 26. Qf4 Qxc2 0-1

[Event "Blunders for all!"]
[Site "http://www.queenalice.com/game.php?id=611238"]
[Date "2009.6.30"]
[Round "-"]
[White "Bigfish"]
[Black "KennyB"]
[Result "1-0"]
[WhiteElo "2135"]
[BlackElo "2014"]

1. e4 e6 2. d4 d5 3. Nc3 Nf6 4. Bg5 Be7 5. e5 Nfd7 6. h4 c5 7. Bxe7 Qxe7 8. Nb5
O-O 9. Nc7 cxd4 10. Nxa8 Nc6 11. Nf3 Ndxe5 12. Nxe5 Nxe5 13. Qxd4 Nc6 14. Qd2
Qd6 15. a3 Bd7 16. Bd3 Rxa8 17. O-O-O a5 18. Kb1 Ne5 19. Rh3 Nxd3 20. Rxd3 b5
21. h5 b4 22. h6 g6 23. Qg5 bxa3 24. Rxa3 e5 25. Qd2 d4 26. Rxa5 Rxa5 27. Qxa5
Kf8 28. Qd8+ 1-0

[Event "Let's Play Chess!"]
[Site "http://www.queenalice.com/game.php?id=613922"]
[Date "2009.7.5"]
[Round "-"]
[White "Bigfish"]
[Black "mowliid12"]
[Result "0-1"]
[WhiteElo "2143"]
[BlackElo "1957"]

1. Nf3 d5 2. c4 e6 3. cxd5 exd5 4. g3 Nf6 5. Bg2 Bd6 6. b3 O-O 7. Bb2 Nc6 8. O-O
h6 9. d3 Be6 10. Nbd2 Nd7 11. Rc1 Nde5 12. a3 Nxf3+ 13. Nxf3 a5 14. e4 dxe4 15.
dxe4 Qe7 16. a4 Ba3 17. Bxa3 Qxa3 18. Rc3 Rad8 19. Qc1 Qb4 20. Qc2 Rd7 21. Rc1
Rfd8 22. h3 Nd4 23. Nxd4 Rxd4 24. Rxc7 Bxb3 25. Qc5 Rd1+ 26. Rxd1 Rxd1+ 27. Kh2
Qe1 28. g4 Qg1+ 29. Kg3 Rd3+ 30. f3 Qe1+ 31. Kh2 Qd2 32. Kg3 Qe1+ 33. Kh2 Be6
34. Rxb7 Rd2 35. Rc7 Qe2 36. Qg1 Qxf3 37. Rc5 Qxe4 38. Rxa5 Bd5 0-1

[Event "Let's Play Chess!"]
[Site "http://www.queenalice.com/game.php?id=613923"]
[Date "2009.7.5"]
[Round "-"]
[White "mowliid12"]
[Black "Bigfish"]
[Result "0-1"]
[WhiteElo "2026"]
[BlackElo "2125"]

1. d4 Nf6 2. c4 g6 3. Nc3 Bg7 4. e4 d6 5. Nf3 O-O 6. Be2 Nbd7 7. O-O e5 8. d5 a6
9. h3 Nc5 10. Qc2 Rb8 11. Be3 b6 12. b4 Ncd7 13. Qd2 Nh5 14. Bh6 Nf4 15. Bxg7
Nxe2+ 16. Nxe2 Kxg7 17. Ng3 Nf6 18. Qg5 h6 19. Qe3 Nh7 20. a3 f5 21. exf5 Bxf5
22. Rfe1 Bd7 23. c5 Nf6 24. cxd6 cxd6 25. Rad1 Bb5 26. Nh4 Ng4 27. Nhf5+ gxf5
28. hxg4 fxg4 29. Nh5+ Kg6 30. Ng3 Bd7 31. Qd3+ Bf5 32. Qxa6 Ra8 33. Qe2 Rxa3
34. Nxf5 Kxf5 35. Qc2+ Kf6 36. Qc1 Ra8 37. Qxh6+ Kf7 38. Re4 Qf6 39. Qh5+ Ke7
40. Rf1 g3 41. Qe2 gxf2+ 42. Rxf2 Ra1+ 43. Kh2 Qh6+ 44. Kg3 Rg8+ 45. Rg4 Ra3+
46. Rf3 Qf4+ 47. Kf2 Qxg4 48. Rxa3 Qxg2+ 49. Ke1 Qh1+ 0-1

[Event "For the fun of it!"]
[Site "http://www.queenalice.com/game.php?id=644813"]
[Date "2009.8.30"]
[Round "-"]
[White "Bigfish"]
[Black "brunofernandes"]
[Result "1-0"]
[WhiteElo "2140"]
[BlackElo "2202"]

1. Nf3 Nf6 2. g3 c5 3. Bg2 g6 4. c4 Bg7 5. Nc3 Nc6 6. O-O O-O 7. e3 a6 8. d3 Rb8
9. Qe2 b5 10. cxb5 axb5 11. Bd2 Ba6 12. Ne1 b4 13. Nd1 d5 14. Rc1 Qd6 15. b3 Ne4
16. f3 1-0

[Event "Let's Play Chess!"]
[Site "http://www.queenalice.com/game.php?id=644814"]
[Date "2009.8.30"]
[Round "-"]
[White "brunofernandes"]
[Black "Bigfish"]
[Result "0-1"]
[WhiteElo "2217"]
[BlackElo "2125"]

1. e4 c5 2. Nf3 d6 3. d4 cxd4 4. Nxd4 Nf6 5. Nc3 a6 6. Bg5 e6 7. f4 Be7 8. Qf3
Qc7 9. O-O-O O-O 10. Bd3 b5 11. e5 Nd5 12. Bxe7 Qxe7 13. Nf5 exf5 14. Nxd5 Qa7
15. exd6 Be6 16. Ne7+ Kh8 0-1

[Event "Let's Make Blunders!"]
[Site "http://www.queenalice.com/game.php?id=645238"]
[Date "2009.8.31"]
[Round "-"]
[White "Bigfish"]
[Black "cristovamvl"]
[Result "0-1"]
[WhiteElo "2160"]
[BlackElo "2150"]

1. Nf3 c5 2. g3 d5 3. c4 d4 4. d3 Nc6 5. Bg2 Qa5+ 6. Nbd2 Nf6 7. O-O e5 8. Ng5
Be7 9. Nge4 Nxe4 10. Nxe4 O-O 11. a3 Qc7 12. f4 Bg4 13. h3 Bf5 14. fxe5 Be6 15.
Qe1 Nxe5 16. Bf4 f6 17. b4 b6 18. Nf2 Rac8 19. e3 Qd7 20. exd4 Qxd4 21. Rd1 Rcd8
22. Kh2 Bf7 23. b5 Bd6 24. Be3 Qb2 25. Rb1 Qxa3 26. Ra1 Qb2 27. Rxa7 Bb8 28. Rb7
Nxd3 29. Nxd3 Rxd3 30. Qc1 Qxc1 31. Bxc1 Bxc4 32. Bf4 Bxf4 33. Rxf4 Bxb5 34.
Rxb6 Bd7 35. Rh4 Rc8 36. Rxh7 Rd2 0-1

[Event "Let's More Blunders!"]
[Site "http://www.queenalice.com/game.php?id=645239"]
[Date "2009.8.31"]
[Round "-"]
[White "Odie_Spud"]
[Black "Bigfish"]
[Result "1-0"]
[WhiteElo "2250"]
[BlackElo "2134"]

1. d4 Nf6 2. Nc3 g6 3. Nf3 Bg7 4. e4 d6 5. Bf4 Bg4 6. Be2 Nbd7 7. Qd2 h6 8.
O-O-O c5 9. dxc5 Nxc5 10. e5 Nh5 11. exd6 Nxf4 12. Qxf4 Bd7 13. Nd5 Ne6 14. Qb4
exd6 15. Qxd6 1-0

[Event "For the fun of it!"]
[Site "http://www.queenalice.com/game.php?id=649394"]
[Date "2009.9.8"]
[Round "-"]
[White "Bigfish"]
[Black "constantin"]
[Result "1-0"]
[WhiteElo "2138"]
[BlackElo "1803"]

1. Nf3 d6 2. d4 Nf6 3. g3 h6 4. Bg2 Bg4 5. c4 e6 6. Nc3 Bxf3 7. Bxf3 c6 8. O-O
Be7 9. e4 Nbd7 10. Re1 O-O 11. Bg2 Rb8 12. Be3 a6 13. Rc1 b5 14. cxb5 cxb5 15.
h3 Nh7 16. f4 f6 17. Kh2 Re8 18. Qg4 Bf8 19. f5 e5 20. Nd5 Kh8 21. Nc7 Re7 22.
Ne6 Qa5 23. Qe2 Ra8 24. a3 Nb6 25. Bd2 Qa4 26. Bb4 Rd7 27. Rc3 d5 28. Nxf8 Rxf8
29. b3 Nc4 30. bxa4 exd4 31. Rd3 bxa4 32. Bxf8 Nxf8 33. Rxd4 Nb6 34. Red1 Rd6
35. e5 fxe5 36. Qxe5 Rf6 37. g4 Nc4 38. Qxd5 Ne3 39. Qa5 Nxd1 40. Rxd1 Kh7 41.
Qxa4 Kg8 42. Rd8 Kh7 43. Qb4 1-0

[Event "More fun!"]
[Site "http://www.queenalice.com/game.php?id=649395"]
[Date "2009.9.8"]
[Round "-"]
[White "chessman"]
[Black "Bigfish"]
[Result "1-0"]
[WhiteElo "2049"]
[BlackElo "2153"]

1. e4 c5 2. Nf3 d6 3. d4 cxd4 4. Nxd4 Nf6 5. Nc3 a6 6. Be2 e6 7. O-O Nc6 8. Be3
Be7 9. Rb1 O-O 10. f3 Bd7 11. a3 Rc8 12. g4 Ne5 13. Qe1 Nc4 14. Bc1 Qb6 15. Qf2
Ne5 16. Be3 Qd8 17. Kh1 Nc4 18. Bxc4 Rxc4 19. Qd2 Qc7 20. Rbd1 Rc8 21. Nb3 d5
22. g5 Nh5 23. exd5 Ng3+ 24. hxg3 Qxg3 25. Qg2 Rh4+ 26. Kg1 Qe5 27. Bd4 Qf5 28.
Ne4 Kh8 29. d6 Bd8 30. Nbc5 Bc6 31. d7 Rb8 32. Nd6 Qg6 33. Qg3 Rh5 34. Nde4 Ra8
35. Kf2 b6 36. Qd6 Bxg5 37. Qxc6 Rh2+ 38. Ke1 Bh4+ 39. Bf2 1-0

[Event "Challenge #03"]
[Site "http://www.queenalice.com/game.php?id=651954"]
[Date "2009.9.14"]
[Round "-"]
[White "Aylton"]
[Black "Bigfish"]
[Result "0-1"]
[WhiteElo "1941"]
[BlackElo "2154"]

1. f4 Nf6 2. Nf3 d6 3. d3 e5 4. fxe5 Ng4 5. exd6 Bxd6 6. g3 Nxh2 7. Nxh2 Bxg3+
8. Kd2 Qh4 9. Bg2 Bxh2 10. Qf1 Qf4+ 11. Qxf4 Bxf4+ 12. e3 Bh6 13. Nc3 c6 14. b3
Be6 15. Bb2 Nd7 16. Ne4 O-O 17. Bf3 f6 18. Rag1 Kh8 19. Nd6 Rab8 20. Bd4 Ne5 21.
Bxe5 fxe5 22. a4 Rxf3 0-1

[Event "Challenge #04"]
[Site "http://www.queenalice.com/game.php?id=651955"]
[Date "2009.9.14"]
[Round "-"]
[White "Bigfish"]
[Black "Aylton"]
[Result "1-0"]
[WhiteElo "2148"]
[BlackElo "1928"]

1. Nf3 d5 2. c4 e6 3. b3 Nf6 4. e3 c5 5. Bb2 Be7 6. g3 Nc6 7. d3 O-O 8. Bg2 h6
9. Nbd2 a6 10. O-O b5 11. Re1 Bb7 12. cxd5 exd5 13. a4 b4 14. Rc1 a5 15. d4 cxd4
16. Nxd4 Nxd4 17. Bxd4 Qd7 18. Nf3 Rfc8 19. Qd2 Rxc1 20. Rxc1 Rc8 21. Bb6 Rxc1+
22. Qxc1 Bd8 23. Bxd8 Qxd8 24. Nd4 Kf8 25. Qc5+ Ke8 26. Qb5+ Qd7 27. Qxa5 Qe7
28. Qb5+ Kd8 29. a5 Kc8 30. Bh3+ Kd8 31. a6 1-0

[Event "Challenge"]
[Site "http://www.queenalice.com/game.php?id=679862"]
[Date "2009.11.8"]
[Round "-"]
[White "ulisses34"]
[Black "Bigfish"]
[Result "0-1"]
[WhiteElo "1726"]
[BlackElo "2142"]

1. e4 c5 2. Nc3 Nc6 3. Nf3 d6 4. Bb5 Bd7 5. d3 a6 6. Bxc6 Bxc6 7. Bg5 g6 8. O-O
h6 9. Bh4 Bg7 10. d4 cxd4 11. Nxd4 Bd7 12. Nce2 Nf6 13. Nc3 O-O 14. Bxf6 Bxf6
15. Nd5 Bg7 16. c3 e6 17. Ne3 Rc8 18. Qf3 Qe7 19. Ne2 Bb5 20. a4 Bd7 21. Rfc1
Kh7 22. Rc2 Rc7 23. a5 Qg5 24. Qg4 Qxg4 25. Nxg4 h5 26. Ne3 Bc6 27. f3 Bh6 28.
Nc4 d5 29. exd5 Bxd5 30. Nb6 Bb3 31. Rcc1 Bxc1 32. Nxc1 Bc2 33. Ne2 g5 34. Nd4
Bg6 35. Kf2 Rd8 36. Ke3 e5 37. Ne2 Rd3+ 38. Kf2 Rd2 39. Rb1 Bxb1 0-1